| 000 | 00367nam a2200157Ia 4500 | ||
|---|---|---|---|
| 008 | 230711s9999||||xx |||||||||||||| ||und|| | ||
| 020 | _a81-71467-423-2 | ||
| 041 | _aENG | ||
| 082 |
_a800 _bMU-I |
||
| 100 | _aMunro,Hector Hugh | ||
| 245 | 4 | _aThe complete works of saki | |
| 260 |
_c2000 _aNew delhi _bRupa.Co |
||
| 300 | _a944 | ||
| 650 | _aLiterature | ||
| 942 | _cBK | ||
| 999 |
_c5259 _d5259 |
||